| 000 | 00646cam a2200253 4500 | ||
|---|---|---|---|
| 008 | 090401t1993 xxu||||| |||| 00| 0 eng d | ||
| 020 | _a0749407972 | ||
| 035 | _a(Sirsi) u49925 | ||
| 041 | _aeng | ||
| 050 | _a658.562 | ||
| 100 | _aJackson, Peter | ||
| 245 | _aImplementing quality through BS5750 (ISO 9000). | ||
| 260 |
_aLondon _bKogan Page _c1993 |
||
| 300 | _a225p. ; 24cm. | ||
| 350 | _a25 | ||
| 650 | _aBS 5750 | ||
| 650 | _aISO 9000 | ||
| 650 | _aISO9000 | ||
| 650 | _aQUALITY ASSURANCE | ||
| 690 | _aMANAGEMENT-BUSINESS MANAGEMENT-PROFESSIONAL PRACTICE | ||
| 700 | _aAshton, David | ||
| 942 | _n0 | ||
| 948 | _c04/03/1997 | ||
| 999 |
_c92622 _d92622 |
||